000
00331 a2200157 4500
001
72897
020
_a
8534218986
040
_c
Anchieta - Colégio São Paulo
100
_a
Quevedo, Júlio
240
1
0
_a
História
_l
por
245
1
0
_a
História
300
_a
280
362
0
_a
2006
650
4
_a
História do mundo
942
_c
BK
999
_c
72897
_d
72897